[Event "AUTO-MASTER-1040"]
[Site "http://www.queenalice.com/game.php?id=729481"]
[Date "2010.2.10"]
[Round "1"]
[White "Mamediarov"]
[Black "Gloria"]
[Result "0-1"]
[WhiteElo "2093"]
[BlackElo "2176"]

1. d4 c5 2. d5 d6 3. e4 g6 4. Ne2 Bg7 5. c4 Nf6 6. Nbc3 O-O 7. h3 e6 8. Ng3 exd5
9. cxd5 Re8 10. Be2 b5 11. Bxb5 Nxe4 12. Bxe8 Nxc3 13. Bxf7+ Kxf7 14. Qf3+ Qf6
15. Qd3 Qe5+ 16. Be3 Ba6 0-1

[Event "AUTO-MASTER-1040"]
[Site "http://www.queenalice.com/game.php?id=729482"]
[Date "2010.2.10"]
[Round "1"]
[White "Gloria"]
[Black "Mamediarov"]
[Result "1-0"]
[WhiteElo "2206"]
[BlackElo "1994"]

1. e4 c5 2. c3 e5 3. Nf3 Nc6 4. d4 cxd4 5. cxd4 exd4 6. Nxd4 Nf6 7. Nc3 Bb4 8.
Nxc6 bxc6 9. Bd3 O-O 10. O-O Qa5 11. Bd2 Ba6 12. Bxa6 Qxa6 13. a3 Be7 14. Rc1
Rad8 15. e5 Ne8 16. Re1 d5 17. exd6 Bxd6 18. Ne4 Be5 19. Nc5 1-0

[Event "AUTO-MASTER-1040"]
[Site "http://www.queenalice.com/game.php?id=729495"]
[Date "2010.2.10"]
[Round "1"]
[White "Gloria"]
[Black "matadordebambis"]
[Result "1-0"]
[WhiteElo "2166"]
[BlackElo "2132"]

1. e4 c5 2. c3 e5 3. Nf3 Nc6 4. d4 cxd4 5. cxd4 exd4 6. Nxd4 Nf6 7. Nc3 Bb4 8.
Nxc6 bxc6 9. Bd3 O-O 10. O-O Re8 11. Re1 d5 12. exd5 cxd5 13. Rxe8+ Qxe8 14. Be3
Bg4 15. Qb3 Bd6 16. Nxd5 Bxh2+ 17. Kxh2 Qe5+ 18. Nf4 g5 19. Qb5 1-0

[Event "AUTO-MASTER-1040"]
[Site "http://www.queenalice.com/game.php?id=729496"]
[Date "2010.2.10"]
[Round "1"]
[White "matadordebambis"]
[Black "Gloria"]
[Result "0-1"]
[WhiteElo "2144"]
[BlackElo "2154"]

1. d4 c5 2. c3 cxd4 3. cxd4 d5 4. Nc3 Nf6 5. Nf3 Nc6 6. e3 g6 7. Be2 Bg7 8. O-O
O-O 9. h3 a6 10. a3 Bf5 11. Nh4 Be6 12. Nf3 Rc8 13. Qa4 Ne4 14. Bd2 Qd7 15. Rfc1
Nxd4 16. Nxd4 Nxc3 17. Qxd7 Nxe2+ 18. Nxe2 Bxd7 0-1

[Event "AUTO-MASTER-1040"]
[Site "http://www.queenalice.com/game.php?id=729497"]
[Date "2010.2.10"]
[Round "1"]
[White "Gloria"]
[Black "capaputi"]
[Result "1-0"]
[WhiteElo "2153"]
[BlackElo "2140"]

1. e4 d5 2. exd5 Nf6 3. c4 c6 4. d4 cxd5 5. Nc3 Nc6 6. Bg5 e6 7. Nf3 Be7 8. c5
O-O 9. Bb5 Bd7 10. O-O b6 11. Ne5 Nxe5 12. dxe5 Ne8 13. c6 Bc8 14. Bxe7 Qxe7 15.
Rc1 Nc7 16. Qd4 Qc5 17. Rfd1 Qxd4 18. Rxd4 f6 19. exf6 gxf6 20. Be2 e5 21. Nxd5
exd4 22. Nxc7 Rb8 23. Nb5 Ba6 24. Bc4+ Kg7 25. Nxd4 Bxc4 26. Rxc4 Rfe8 27. g4
Re1+ 28. Kg2 Rc8 29. Nf5+ Kf8 30. Nd6 Rc7 31. Nb5 Ree7 32. Nxc7 Rxc7 33. Kf3 Ke7
34. Ke4 Ke6 35. f4 b5 36. Rc2 a6 37. h4 h6 38. b4 h5 39. gxh5 f5+ 40. Kd4 1-0

[Event "AUTO-MASTER-1040"]
[Site "http://www.queenalice.com/game.php?id=729498"]
[Date "2010.2.10"]
[Round "1"]
[White "capaputi"]
[Black "Gloria"]
[Result "0-1"]
[WhiteElo "2187"]
[BlackElo "2186"]

1. c4 c5 2. Nf3 Nc6 3. Nc3 g6 4. d4 cxd4 5. Nxd4 Bg7 6. Nxc6 bxc6 7. e4 Qa5 8.
Qc2 Nf6 9. Bd2 Rb8 10. Bd3 O-O 11. O-O Qc7 12. Be2 d5 13. Rac1 dxe4 14. h3 Be6
15. b3 Rfd8 16. Be3 h5 17. Rfd1 Rxd1+ 18. Rxd1 Nd5 19. cxd5 cxd5 20. Bd4 Bxd4
21. Rxd4 Rc8 22. Kf1 Qxc3 23. Qxc3 Rxc3 24. Ke1 Kg7 25. Kd2 Rc7 26. b4 Kf6 27.
b5 Ke5 28. Rb4 d4 29. a4 Kd5 30. a5 Kc5 31. Rb2 d3 32. Bd1 Bc4 33. b6 axb6 34.
axb6 Rb7 35. Kc3 Bd5 36. g4 hxg4 37. hxg4 Rxb6 38. Rxb6 Kxb6 39. Kd4 Kc6 40. g5
Kd6 41. Bg4 f5 42. gxf6 exf6 43. Bd1 f5 44. Ba4 g5 45. Bd1 g4 46. Ba4 f4 47. Bd1
g3 48. fxg3 fxg3 49. Ke3 Ke5 50. Bg4 g2 51. Kf2 e3+ 0-1

[Event "AUTO-MASTER-1094"]
[Site "http://www.queenalice.com/game.php?id=761766"]
[Date "2010.4.16"]
[Round "1"]
[White "zolaweed"]
[Black "Gloria"]
[Result "0-1"]
[WhiteElo "1918"]
[BlackElo "2248"]

1. e4 d5 2. exd5 Nf6 3. Nc3 Nxd5 4. Qf3 e6 5. Nge2 Nc6 6. d3 Ncb4 7. Kd1 Be7 8.
a3 Nxc3+ 9. Nxc3 Nc6 10. Qg3 O-O 11. Bd2 Bd6 12. f4 e5 13. Ne4 exf4 14. Bxf4
Bxf4 15. Qxf4 Bg4+ 16. Qxg4 f5 17. Nf6+ Qxf6 18. Qc4+ Rf7 19. Be2 Qxb2 20. Qa2
Qc3 21. Rc1 Nd4 22. Rf1 Re8 23. Bf3 Re3 24. Qa1 Rxd3+ 0-1

[Event "AUTO-MASTER-1094"]
[Site "http://www.queenalice.com/game.php?id=761767"]
[Date "2010.4.16"]
[Round "1"]
[White "Gloria"]
[Black "zolaweed"]
[Result "1-0"]
[WhiteElo "2244"]
[BlackElo "1962"]

1. e4 d5 2. exd5 Qxd5 3. Nc3 Qd8 4. Nf3 Nc6 5. Bc4 e6 6. d3 h6 7. Qe2 Bd6 8. O-O
Nge7 9. Ne4 Nf5 10. c3 Bd7 11. d4 Qe7 12. b4 a5 13. b5 Na7 14. Bd3 O-O 15. Nxd6
Nxd6 16. c4 b6 17. a4 c6 18. c5 bxc5 19. dxc5 Ne8 20. b6 Bc8 21. Rd1 Bb7 22.
bxa7 1-0

[Event "AUTO-MASTER-1094"]
[Site "http://www.queenalice.com/game.php?id=761784"]
[Date "2010.4.16"]
[Round "1"]
[White "Sherlock6834"]
[Black "Gloria"]
[Result "1-0"]
[WhiteElo "2123"]
[BlackElo "2236"]

1. c4 c5 2. Nc3 Nc6 3. Nf3 Nf6 4. g3 g6 5. Bg2 Bg7 6. O-O d6 7. b3 O-O 8. Bb2 e5
9. d3 Bg4 10. h3 Bd7 11. Ne4 Nxe4 12. dxe4 Qe7 13. e3 f5 14. exf5 Bxf5 15. Nh4
Be6 16. Bd5 Nb4 17. Bxe6+ Qxe6 18. a3 Nc6 19. Qd5 Qxd5 20. cxd5 Na5 21. b4 Nb3
22. Rad1 c4 23. e4 Rac8 24. Bc3 Nd4 25. Rd2 Bh6 26. Rxd4 exd4 27. Bxd4 c3 28. f4
Rfe8 29. Bxa7 Rxe4 30. Nf3 c2 31. Rc1 Bg7 32. Nd2 Re2 33. Nf3 1-0

[Event "AUTO-MASTER-1094"]
[Site "http://www.queenalice.com/game.php?id=761785"]
[Date "2010.4.16"]
[Round "1"]
[White "Gloria"]
[Black "Sherlock6834"]
[Result "0-1"]
[WhiteElo "2221"]
[BlackElo "2138"]

1. e4 c6 2. d4 d5 3. exd5 cxd5 4. Bd3 Nc6 5. c3 Nf6 6. Bf4 e6 7. Nf3 Bd6 8. Ne5
Qc7 9. O-O Nxe5 10. Bxe5 Bxe5 11. dxe5 Qxe5 12. Nd2 O-O 13. Re1 Qd6 14. Nf3 Qf4
15. a4 Bd7 16. Ne5 Bc6 17. g3 Qh6 18. Qb3 Qh5 19. Qb4 a5 20. Qd4 Nd7 21. Nxd7
Bxd7 22. Re5 Qh6 23. Kg2 f5 24. f4 Rf6 25. Be2 g5 26. fxg5 Qxg5 27. c4 Bc6 28.
Re1 dxc4+ 29. Kg1 Rh6 30. Bxc4 Rd8 31. Rxe6 Rxd4 32. Re8+ Kg7 33. Rg8+ Kf6 0-1

[Event "Challenge"]
[Site "http://www.queenalice.com/game.php?id=787459"]
[Date "2010.6.9"]
[Round "-"]
[White "yeye2"]
[Black "Gloria"]
[Result "0-1"]
[WhiteElo "1332"]
[BlackElo "2250"]

1. e4 d5 2. f3 e5 3. b3 Nf6 4. Bb2 Nc6 5. c3 dxe4 6. d4 exd4 7. cxd4 Bb4+ 8. Bc3
O-O 9. fxe4 Nxe4 10. Bxb4 Re8 11. Bb5 Nc3+ 12. Qe2 Nxb5 13. a4 Nbxd4 14. Qxe8+
Qxe8+ 15. Kd2 Nxb4 16. Nh3 Qe2+ 17. Kc3 Qd3+ 18. Kxb4 a5+ 19. Kc5 Ne6# 0-1

[Event "AUTO-MASTER-1038"]
[Site "http://www.queenalice.com/game.php?id=815675"]
[Date "2010.8.9"]
[Round "2"]
[White "Markus1234567"]
[Black "Gloria"]
[Result "1-0"]
[WhiteElo "1940"]
[BlackElo "2194"]

1. e4 d5 2. e5 c5 3. c3 Nc6 4. d4 cxd4 5. cxd4 Qb6 6. Nf3 Bg4 7. Be3 e6 8. b3
Bb4+ 9. Nbd2 Bxf3 10. Qxf3 Nxd4 11. Bxd4 Bxd2+ 12. Ke2 Qxd4 13. Rd1 Qxe5+ 14.
Kxd2 1-0

[Event "AUTO-MASTER-1038"]
[Site "http://www.queenalice.com/game.php?id=815676"]
[Date "2010.8.9"]
[Round "2"]
[White "Gloria"]
[Black "Markus1234567"]
[Result "0-1"]
[WhiteElo "2174"]
[BlackElo "1966"]

1. e4 e5 2. f4 exf4 3. Bc4 Qh4+ 4. Kf1 Bc5 5. d4 Bb6 6. Nf3 Qf6 7. e5 Qc6 8. Qe2
Ne7 9. a4 O-O 10. a5 d5 11. exd6 Nd5 12. Bxd5 Qxd5 13. axb6 Qxd6 0-1

[Event "AUTO-MASTER-1038"]
[Site "http://www.queenalice.com/game.php?id=815679"]
[Date "2010.8.9"]
[Round "2"]
[White "Giant"]
[Black "Gloria"]
[Result "1-0"]
[WhiteElo "2246"]
[BlackElo "2146"]

1. f4 g6 2. Nf3 c5 3. e4 Bg7 4. Bc4 Nc6 5. O-O d6 6. c3 Nf6 7. d3 O-O 8. Re1 Na5
9. Bb5 a6 10. Ba4 b5 11. Bc2 Qc7 12. a4 b4 13. Nbd2 bxc3 14. bxc3 Nh5 15. Nb1
Rb8 16. Ra3 c4 17. d4 Bg4 18. Be3 1-0

[Event "AUTO-MASTER-1038"]
[Site "http://www.queenalice.com/game.php?id=815680"]
[Date "2010.8.9"]
[Round "2"]
[White "Gloria"]
[Black "Giant"]
[Result "0-1"]
[WhiteElo "2156"]
[BlackElo "2236"]

1. e4 g6 2. d4 Bg7 3. Nf3 d6 4. Nc3 Nf6 5. Be2 O-O 6. O-O c6 7. a4 Qc7 8. Bf4
Nh5 9. Be3 e5 10. Qd2 Bg4 11. h3 Bc8 12. a5 Rd8 13. Rfd1 Re8 14. Ng5 Nf6 15.
dxe5 dxe5 16. Bc4 Be6 17. Nxe6 fxe6 0-1

[Event "Challenge"]
[Site "http://www.queenalice.com/game.php?id=817362"]
[Date "2010.8.12"]
[Round "-"]
[White "Gloria"]
[Black "yeye2"]
[Result "0-1"]
[WhiteElo "2114"]
[BlackElo "1565"]

1. f4 e6 2. Nf3 Nf6 3. b3 g6 4. Bb2 Bh6 5. e3 O-O 6. Bd3 b6 7. Qe2 Nd5 8. h4 f5
9. h5 Bg7 10. Nc3 gxh5 11. Rxh5 d6 12. Rg5 h6 13. Rxg7+ Kxg7 14. Nxd5+ Kg6 15.
Nc3 e5 16. g4 exf4 0-1

[Event "Challenge"]
[Site "http://www.queenalice.com/game.php?id=825710"]
[Date "2010.8.30"]
[Round "-"]
[White "Gloria"]
[Black "jeancarlo1910"]
[Result "0-1"]
[WhiteElo "2137"]
[BlackElo "1775"]

1. f4 d5 2. Nf3 Nf6 3. e3 Nc6 4. b3 a6 5. Bb2 Bg4 6. h3 Bxf3 7. Qxf3 e5 8. fxe5
Ne4 9. Qf4 Be7 10. h4 Nc5 11. Nc3 Ne6 12. Qg3 g6 13. O-O-O d4 14. Ne2 dxe3 15.
dxe3 Qc8 0-1